Tiếng Trung Quốc 10 : Sách giáo viên : Sách giáo khoa thí điểm biên soạn theo chương trình thí điểm Trung học phổ thông được Bộ Giáo dục và Đào tạo ban hành kèm theo quyết định số 47/2002/QĐ-GD&ĐT ngày 19-11-2002 của Bộ trưởng Bộ Giáo dục và Đào tạo /
Đã lưu trong:
| Príomhúdar: | |
|---|---|
| Údair Eile: | , |
| Formáid: | Sách giấy |
| Teanga: | Vietnamese Chinese |
| Foilsithe: |
H. :
Giáo dục,
2003.
|
| Sraith: | Sách giáo khoa thí điểm
|
| Ábhair: | |
| Clibeanna: |
Cuir Clib Leis
Gan Chlibeanna, Bí ar an gcéad duine leis an taifead seo a chlibeáil!
|
| Thư viện lưu trữ: | Thư viện Trường Đại học Đà Lạt |
|---|
| LEADER | 01190nam a2200337 4500 | ||
|---|---|---|---|
| 001 | DLU120133182 | ||
| 005 | ##20120403 | ||
| 040 | # | # | |a DLU |b vie |
| 041 | # | # | |a vie |a chi |
| 044 | # | # | |a vn |
| 082 | # | # | |a 495.18 |b NG-C |
| 100 | # | # | |a Nguyễn Hữu Cầu. |
| 245 | # | # | |a Tiếng Trung Quốc 10 : |b Sách giáo viên : Sách giáo khoa thí điểm biên soạn theo chương trình thí điểm Trung học phổ thông được Bộ Giáo dục và Đào tạo ban hành kèm theo quyết định số 47/2002/QĐ-GD&ĐT ngày 19-11-2002 của Bộ trưởng Bộ Giáo dục và Đào tạo / |c Nguyễn Hữu Cầu, Chu Quang Thắng, Phó Thị Mai. |
| 260 | # | # | |a H. : |b Giáo dục, |c 2003. |
| 300 | # | # | |a 124 tr. ; |c 24 cm. |
| 490 | # | # | |a Sách giáo khoa thí điểm |
| 546 | # | # | |a Tài liệu viết bằng tiếng Việt, tiếng Trung Quốc. |
| 650 | # | # | |a Tiếng Trung Quốc. |
| 700 | # | # | |a Chu Quang Thắng. |
| 700 | # | # | |a Phó Thị Mai. |
| 923 | # | # | |a 01/2012SP |
| 991 | # | # | |a GT |
| 992 | # | # | |a 0 |
| 994 | # | # | |a KSP |
| 900 | # | # | |a True |
| 911 | # | # | |a Nguyễn Thanh Hương |
| 925 | # | # | |a G |
| 926 | # | # | |a A |
| 927 | # | # | |a SH |
| 980 | # | # | |a Thư viện Trường Đại học Đà Lạt |